| 000 | 01102nam a2200289 4500 | ||
|---|---|---|---|
| 003 | EC-UNACH | ||
| 005 | 20241111115429.0 | ||
| 006 | s||||gr|||| 00| 00 | ||
| 008 | 150116t9999 mx r gr 000 0 spa d | ||
| 020 | _a978-84-368-4484-9 | ||
| 040 |
_aEC-UNACH _cEC-UNACH |
||
| 041 | _aspa | ||
| 082 | 0 | 4 |
_223 _a658.401 2 _bL016677 |
| 100 | _aAldeanueva Fernández, Ignacio. | ||
| 245 | _aDirección estratégica internación. | ||
| 250 | _aTercera Edición. | ||
| 264 |
_aMadrid, España. _bEdiciones Pirámide (Grupo Anaya, S.A). _c2021 |
||
| 300 |
_a338 páginas. _bImágenes. Tablas _c23.5 centímetros. |
||
| 505 | _aIncluye: Metodología para el estudio de los negocios internacionales.-- Gestión de la calidad estratégica.-- Responsabilidad social corporativa.-- Innovación y cambio organizativo.-- Desarrollo internacional. | ||
| 650 | _aPLANIFICACIÓN ESTRATÉGICA. | ||
| 650 | _aORGANIZACIÓN EMPRESARIAL. | ||
| 650 | _aMULTINACIONALES. | ||
| 942 |
_2ddc _c1 |
||
| 999 | _c13481 | ||